Fortune 500 Companies of 2024 - Statistics

General Stats
  • This quiz has been taken 270 times
  • The average score is 58 of 500
Answer Stats
Company Name % Correct
Apple
89%
Amazon
80%
Walmart
80%
Microsoft
78%
Tesla
74%
Alphabet
61%
General Motors
60%
Target
54%
Coca-Cola
53%
ExxonMobil
52%
Nvidia
52%
Bank of America
51%
JPMorgan Chase
50%
Shell
49%
Sony
48%
AT&T
47%
BP
46%
Nike
45%
Walt Disney
44%
Chevron
43%
Starbucks
43%
Volkswagen
43%
Intel
42%
Netflix
42%
UnitedHealth Group
42%
HP
41%
PepsiCo
41%
Visa
41%
Berkshire Hathaway
39%
Home Depot
39%
IBM
39%
Boeing
38%
General Electric
38%
Johnson & Johnson
37%
Kroger
36%
American Express
35%
Delta Air Lines
35%
Nestle
35%
Comcast
34%
Lowe's
34%
Pfizer
32%
Ford Motors
31%
FedEx
30%
Kia
30%
SK
29%
Unilever
29%
Wells Fargo
29%
3M
28%
CVS Health
28%
Oracle
28%
Renault
28%
Saudi Aramco
28%
Siemens
28%
TotalEnergies
28%
Best Buy
27%
Citigroup
27%
Bank of China
26%
Bayer
26%
Cigna
26%
Costco Wholesale
26%
Samsung Electronics
26%
Tesco
26%
Vale
26%
Airbus
25%
Carrefour
25%
Gazprom
25%
Mitsubishi
25%
Procter & Gamble
25%
SAP
25%
Toyota Motors
25%
Xiaomi
25%
Allianz
24%
AXA
24%
BNP Paribas
24%
Honda Motors
24%
L'Oreal
24%
Meta Platforms
24%
Petrobras
24%
BMW Group
23%
Hitachi
23%
Hyundai Motors
23%
Lukoil
23%
Mercedes-Benz Group
23%
Stellantis
23%
Verizon Communications
23%
Banco Santander
22%
Barclays
22%
Deutsche Telekom
22%
Lockheed Martin
22%
Merck
22%
ABB
21%
Caterpillar
21%
ENI
21%
Equinor
21%
MetLife
21%
Progressive
21%
Volvo
21%
Cisco Systems
20%
Dell Technologies
20%
Duetsche Bahn
20%
ING Group
20%
McKesson
20%
Morgan Stanley
20%
Nissan Motors
20%
Petronas
20%
Rosneft Oil
20%
Sinopec Group
20%
Tata Motors
20%
Walgreens Boots Alliance
20%
BYD
19%
Christian Dior
19%
Deere
19%
Enel
19%
HSBC Holdings
19%
LG Electronics
19%
Nippon Telegraph and Telephone
19%
Panasonic Holdings
19%
Phillips 66
19%
Sanofi
19%
Allstate
18%
Glencore
18%
Industrial & Commercial Bank of China
18%
La Poste
18%
Orange
18%
Pertamina
18%
Ping An Insurance
18%
Valero Energy
18%
Alibaba Group
17%
Bosch Group
17%
E.ON
17%
Iberdrola
17%
Mazda Motors
17%
SoftBank Group
17%
Vodafone Group
17%
Fannie Mae
16%
Huawei Investmen & Holding
16%
Itau Unibanco Holding
16%
Lenovo Group
16%
Mitsui
16%
Pemex
16%
State Grid
16%
Suzuki Motors
16%
Telefonica
16%
AEON
15%
American Airlines Group
15%
Banco Bilbao Vizcaya Argentaria
15%
Credit Agricole
15%
Heineken
15%
Humana
15%
Salesforce
15%
Agricultural Bank of China
14%
BASF
14%
Cardinal Health
14%
China Mobile Communications
14%
China National Petroleum
14%
Dollar General
14%
Freddie Mac
14%
JD.com
14%
KDDI
14%
Novartis
14%
Sberbank
14%
Sysco
14%
Toronto-Dominion Bank
14%
Denso
13%
Engie
13%
General Dynamics
13%
Novo Nordisk
13%
Publix Super Markets
13%
RTX
13%
Samsung C&T
13%
State Farm Insurance
13%
Tencent Holdings
13%
Tyson Foods
13%
AbbVie
12%
Accenture
12%
Broadcom
12%
Capital One Financial
12%
Cencora
12%
China Construction Bank
12%
ConocoPhilips
12%
Goldman Sachs Group
12%
Industrial Bank
12%
LG Chem
12%
Metro
12%
Mitsubishi Electric
12%
Repsol
12%
Schneider Electric
12%
TJX
12%
Albertsons
11%
China Life Insurance
11%
Continental
11%
Deutsche Bank
11%
Electricite de France
11%
Honeywell International
11%
Marathon Petroleum
11%
Nippon Life Insurance
11%
Subaru
11%
Sumitomo
11%
United Parcel Service
11%
Vinci
11%
AIA Group
10%
AstraZeneca
10%
Dow
10%
Elevance Health
10%
GSK
10%
JBS
10%
Mitsubishi UFJ Financial Group
10%
Mondelez International
10%
Orlen
10%
Qualcomm
10%
Royal Bank of Canada
10%
Trafigura Group
10%
Warner Bros. Discovery
10%
Eli Lilly
9%
HDFC Bank
9%
Mitsubishi Heavy Industries
9%
Saint-Gobain
9%
Sumitomo Mitsui Financial Group
9%
Swiss Re
9%
UBS Group
9%
United Airlines Holdings
9%
ANZ Group Holdings
8%
Bank of Communications
8%
Bank of Montreal
8%
China Telecommunications
8%
Chubb
8%
DHL Group
8%
Lloyds Banking Group
8%
Meituan
8%
Midea Group
8%
Munich Re Group
8%
Nationwide
8%
PTT
8%
Reliance Industries
8%
Roche Group
8%
Suncor Energy
8%
Uniper
8%
Banco do Brazil
7%
Brookfield
7%
Charter Communications
7%
China FAW Group
7%
China Resources
7%
CITIC Group
7%
ENEOS Holdings
7%
Hengli Group
7%
Sinochem Holdings
7%
Societe Generale
7%
Toyota Tsusho
7%
Travelers
7%
UniCredit Group
7%
Anheuser-Busch InBev
6%
Assicurazioni Generali
6%
BHP Group
6%
Centene Corporation
6%
Ecopetrol
6%
GS Caltrex
6%
Haier Smart Home
6%
Hyundai Mobis
6%
Itochu
6%
Koc Holding
6%
Mizuho Financial Group
6%
PowerChina
6%
SAIC Motors
6%
USAA
6%
AIG
5%
Bouygues
5%
COFCO
5%
Cummins
5%
Daimler Truck Holding
5%
HCA Healthcare
5%
Northrop Grumman
5%
OMV Group
5%
PDD Holdings
5%
Philip Morris International
5%
POSCO Holdings
5%
Royal Ahold Delhaize
5%
Shandong Energy Group
5%
State Bank of India
5%
Uber Technologies
5%
U.S. Postal Service
5%
Xiamen C&D
5%
Zurich Insurance Group
5%
America Movil
4%
Banco Bradesco
4%
Bank of New York Mellon
4%
Beijing Automotive Group
4%
Bharat Petroleum
4%
China Railway Construction
4%
China Railway Engineering Group
4%
China State Construction Engineering
4%
Hon Hai Precision Industry
4%
Oil & Natural Gas
4%
Siemens Energy
4%
Sinopharm
4%
ThyssenKrupp
4%
Woolworths Group
4%
Abbott Laboratories
3%
ArcelorMittal
3%
Bank of Nova Scotia
3%
China Baowu Steel Group
3%
Dongfeng Motor
3%
Enbridge
3%
Japan Post Holdings
3%
Linde
3%
TIAA
3%
Truist Financial
3%
U.S. Bancorp
3%
ACS
2%
Archer Daniels Midland
2%
Bristol-Myers Squibb
2%
China Communications Construction
2%
China Energy Investment
2%
China Minmetals
2%
China National Offshore Oil
2%
China Post Group
2%
China Southern Power Grid
2%
China Vanke
2%
CHS
2%
Emirates Group
2%
Energy Transfer
2%
HD Hyundai
2%
Indian Oil
2%
Intesa Sanpaolo
2%
New York Life Insurance
2%
Northwestern Mutual
2%
Nucor
2%
Prudential Financial
2%
Taiwan Semiconductor Manufacturing
2%
Air France-KLM Group
1%
Aisin
1%
Alimentation Couche-Tard
1%
Aluminum Corporation of China
1%
Ansteel Group
1%
Apollo Global Management
1%
Arrow Electronics
1%
Aviation Industry Corporation of China
1%
Beijing Jianlong Heavy Industry Group
1%
British American Tobacco
1%
Bunge
1%
Caixa Economica Federal
1%
Canadian Imperial Bank of Commerce
1%
Cenovus Energy
1%
Centrica
1%
CFE
1%
Chery Holding Group
1%
China Datang
1%
China Electronics
1%
China Electronics Technology Group
1%
China Energy Engineering Group
1%
China Huadian
1%
China Huaneng Group
1%
China Merchants Bank
1%
China Minsheng Banking
1%
China National Aviation Fuel Group
1%
China National Building Material Group
1%
China National Coal Group
1%
China National Nuclear
1%
China North Industries Group
1%
China Pacific Insurance Group
1%
China Poly Group
1%
China South Industries Group
1%
China State Shipbuilding
1%
China United Network Communications
1%
CK Hutchison Holdings
1%
Commonwealth Bank of Australia
1%
Compass Group
1%
Contemporary Amperex Technology
1%
Coop Group
1%
COSCO Shipping
1%
CPC
1%
Credit Mutuel Group
1%
CRH
1%
CRRC Group
1%
Dai-ichi Life Holdings
1%
Daiwa House Industry
1%
D.R. Horton
1%
DZ Bank
1%
Edeka Zentrale
1%
ELO Group
1%
Energie Baden-Wurttemburg
1%
Enterprise Products Partners
1%
EXOR Group
1%
Fairfax Financial Holdings
1%
Fomento Economico Mexicano
1%
George Weston
1%
Greenland Holding Group
1%
Groupe BPCE
1%
Guangdong Guangxin Holdings
1%
Guangxi Investment Group
1%
Guangzhou Automobile Industry Group
1%
Guangzhou Industrial Investment Holdings
1%
Guangzhou Municipal Construction Group
1%
Guangzhou Pharmaceutical Holdings
1%
Hailiang Group
1%
Hangzhou Industrial Investment Group
1%
Hangzhou Iron and Steel Group
1%
HBIS Group
1%
Hunan Iron & Steel Group
1%
Idemitsu Kosan
1%
Ingka Group
1%
Jabil
1%
Jardine Matheson
1%
Jeronimo Martins
1%
JFE Holdings
1%
Jiangsu Shagang Group
1%
Jiangxi Copper
1%
Jinchuan Group
1%
Jingye Group
1%
Jinneng Holding Group
1%
J. Sainsbury
1%
KB Financial Group
1%
Korea Electric Power
1%
Korea Gas
1%
Landesbank Baden-Wurttemburg
1%
Lennar
1%
Liberty Mutual Insurance Group
1%
Life Insurance Corportation of India
1%
Louis Dreyfus
1%
Lufthansa Group
1%
Luxshare Precision Industry
1%
LyondellBasell Industries
1%
Maersk Group
1%
Magna International
1%
Mapfre Group
1%
Marubeni
1%
Massachusetts Mutual Life Insurance
1%
Meiji Yasuda Life Insurance
1%
Mercadona
1%
Migros Group
1%
Molina Healthcare
1%
MS&AD Insurance Group Holdings
1%
National Australia Bank
1%
New Hope Holding Group
1%
Nippon Steel Corporation
1%
Olam Group
1%
Paccar
1%
Pacific Construction Group
1%
PBF Energy
1%
Pegatron
1%
People's Insurance Company of China
1%
Performance Food Group
1%
Phoenix Pharma
1%
Plains GP Holdings
1%
Power Corporation of Canada
1%
Quanta Computer
1%
Rabobank Group
1%
Raizen
1%
Rajesh Exports
1%
Rio Tinto Group
1%
Schlumberger
1%
Seven & I Holdings
1%
S.F. Holding
1%
Shaanxi Coal & Chemical Industry
1%
Shaanxi Construction Engineering Holding
1%
Shaanxi Yanchang Petroleum Group
1%
Shandong Hi-speed Group
1%
Shandong Weiqiao Pioneering Group
1%
Shanghai Construction Group
1%
Shanghai Delong Steel Group
1%
Shanghai Pharmaceuticals Holding
1%
Shanghai Pudong Development Bank
1%
Shanxi Coking Coal Group
1%
Shenghong Holding Group
1%
Shenzhen Investment Holdings
1%
Shudao Investment Group
1%
Sinomach
1%
SNCF Group
1%
Sompo Holdings
1%
Standard Chartered
1%
State Power Investment
1%
StoneX Group
1%
Susun Construction Group
1%
Taikang Insurance Group
1%
Talanx
1%
TD Synnex
1%
Thermo Fisher Scientific
1%
Tokio Marine Holdings
1%
Tokyo Electric Power
1%
TongLing Nonferrous Metals Group
1%
Tongwei Group
1%
Tsingshan Holding Group
1%
US Foods Holding
1%
Veolia Environment
1%
Vibra Energia
1%
VTB Bank
1%
Wilmar International
1%
World Kinect
1%
Wuchan Zhongda Group
1%
X5 Retail Group
1%
Xiamen ITG Holding Group
1%
XMXYG
1%
ZF Friedrichshafen
1%
Zhejiang Communications Investment Group
1%
Zhejiang Geely Holding Group
1%
Zhejiang Hengyi Group
1%
Zhejiang Rongsheng Holding Group
1%
Zijin Mining Group
1%
Hanwa
0%
Inditrex
0%
Shougang Group
0%
No matching quizzes found
Score Distribution
Percent of People with Each Score
Percentile by Number Answered
Your Score History
You have not taken this quiz